[Event "YUG Cup"]
[Site "Ulcinj"]
[Date "1998.??.??"]
[Round "2"]
[White "Pavlovic, Milos"]
[Black "Pikula, Dejan"]
[Result "0-1"]
[WhiteElo "2535"]
[BlackElo "2440"]
[Annotator "Bulletin"]
[PlyCount "62"]
[EventDate "1998.??.??"]
[EventType "team"]
[EventRounds "7"]
[EventCountry "YUG"]
[SourceTitle "EXT 1999"]
[Source "ChessBase"]
[SourceDate "1998.11.16"]
[SourceVersion "1"]
[SourceVersionDate "1998.11.16"]
[SourceQuality "1"]

1. e4 c5 2. Nf3 e6 3. d4 cxd4 4. Nxd4 a6 5. Be2 Nf6 6. Nc3 d6 7. O-O Be7 8. f4
O-O 9. a4 Nc6 10. Kh1 Bd7 11. Nb3 b6 12. Bf3 Qc7 13. Qe2 Rfc8 14. Be3 Be8 15.
Rad1 Nd7 16. Nd4 Nc5 17. f5 Bf6 18. fxe6 fxe6 19. Bg4 Qe7 20. Nxe6 $5 Nxe6 21.
Nd5 Qf7 22. Rxf6 (22. Nxb6 $16) 22... gxf6 23. Rf1 $2 f5 24. Bxf5 Ncd4 25. Bxd4
Nxd4 26. Bxh7+ Kh8 27. Qe1 Nxc2 28. Qe2 Qxh7 29. Rf8+ Kg7 30. Qf2 Qh6 31. Rf4
Bg6 0-1

[Event "Bugojno"]
[Site "Bugojno"]
[Date "1978.03.09"]
[Round "10"]
[White "Larsen, Bent"]
[Black "Hort, Vlastimil"]
[Result "1-0"]
[WhiteElo "2620"]
[BlackElo "2620"]
[Annotator "Bulletin"]
[PlyCount "45"]
[EventDate "1978.02.27"]
[EventType "tourn"]
[EventRounds "15"]
[EventCountry "YUG"]
[EventCategory "14"]
[SourceTitle "MCL"]
[Source "ChessBase"]
[SourceDate "1999.07.01"]
[SourceVersion "1"]
[SourceVersionDate "1999.07.01"]
[SourceQuality "1"]

1. e4 c5 2. Nf3 e6 3. d4 cxd4 4. Nxd4 Nc6 5. Nc3 Qc7 6. Be2 Nf6 7. O-O a6 8.
Kh1 Be7 9. f4 d6 10. Be3 O-O 11. Qe1 Bd7 12. Qg3 Kh8 13. Rad1 b5 14. e5 $1 (14.
a3 b4 15. axb4 Nxb4 16. e5 dxe5 17. fxe5 Nfd5 18. Nxd5 Nxd5 19. Bc1 Bc5 $10 {
O'Kelly-Larsen, Dundee 1967}) 14... dxe5 $2 (14... Ne8 $1 {Larsen}) 15. fxe5
Ne8 (15... Nxe5 $2 16. Bf4 Bd6 17. Nb3 $16) (15... Qxe5 16. Bf4 Qc5 17. Be3 (
17. Nb3 Qa7 18. Be3 Qb7 19. Nc5 Bxc5 20. Bxc5 Rg8 $1 21. Qg5 $5 {Larsen}) 17...
Qe5 {Remis. Torre-Spassky, Manila izt 1976}) 16. Nf3 $16 Bc8 17. Ne4 Kg8 (17...
f5 18. exf6 Qxg3 $2 19. fxe7 $1 $18) 18. Bf4 Nb4 19. Nf6+ Kh8 20. Ng5 Qxc2 21.
Nfxh7 Bxg5 22. Nxg5 Qg6 23. Bd2 $1 {/\Nxf7+} 1-0

[Event "Sportland NRW-Cup"]
[Site "Muenster"]
[Date "1993.??.??"]
[Round "9"]
[White "Unzicker, Wolfgang"]
[Black "Heissler, Jakob"]
[Result "1-0"]
[WhiteElo "2450"]
[BlackElo "2425"]
[Annotator "Bulletin"]
[PlyCount "149"]
[EventDate "1993.12.26"]
[EventType "tourn"]
[EventRounds "11"]
[EventCountry "GER"]
[EventCategory "9"]
[SourceTitle "CBM 038 Extra"]
[Source "ChessBase"]
[SourceDate "1994.03.01"]
[SourceVersion "1"]
[SourceVersionDate "1994.03.01"]
[SourceQuality "1"]

1. e4 c5 2. Nf3 e6 3. d4 cxd4 4. Nxd4 Nc6 5. Nc3 Qc7 6. f4 a6 7. Be2 d6 8. Be3
Nf6 9. O-O Be7 10. Kh1 O-O 11. a4 Rd8 12. Qe1 Nxd4 13. Bxd4 e5 14. Bg1 exf4 15.
a5 Re8 16. Bb6 Qb8 17. Qd2 Be6 18. Qxf4 Nd7 19. Bd4 Ne5 20. Na4 Qc7 21. Nb6
Rad8 22. c4 Ng6 23. Qe3 Bf8 24. Qg3 Qe7 25. Bd3 Ne5 26. Bc2 Rb8 27. Ba4 Red8
28. Rad1 h6 29. c5 Ng6 30. c6 bxc6 31. Bxc6 Ne5 32. Ba4 g6 33. b4 Bg7 34. b5
axb5 35. Bxb5 h5 36. h3 Nd7 37. Bxd7 Bxd7 38. Bxg7 Kxg7 39. Qc3+ Kh6 40. Qc7
Qe8 41. Rxd6 Be6 42. Rfd1 Rxd6 43. Qxd6 Rb7 44. Qf4+ Kh7 45. Qe5 Qh8 46. Qxh8+
Kxh8 47. Kg1 Kg7 48. Kf2 Ra7 49. Ra1 Kf6 50. Ke3 Ke5 51. a6 Kd6 52. Kd4 Kc6 53.
Nd5 g5 54. Ke5 h4 55. Rc1+ Kd7 56. Nb4 g4 57. Rd1+ Kc7 58. hxg4 Bxg4 59. Rd6 h3
60. gxh3 Bxh3 61. Kd5 Bg2 62. Rf6 Kc8 63. Rf2 Bh1 64. Rh2 Bf3 65. Rc2+ Kd7 66.
Rf2 (66. Nc6 $2 f5 $1 (66... Bxe4+ $10) 67. Ne5+ Ke7 68. Nxf3 fxe4 69. Kxe4
Rxa6) 66... Bh5 67. Nc6 Ra8 68. a7 Kc7 69. e5 Bg6 70. Ra2 Bf5 71. Nd4 Bd3 72.
Ra3 Rd8+ 73. Kc5 Be4 74. e6 Kb7 75. a8=Q+ 1-0

[Event "EU-chT (Men) 10th"]
[Site "Debrecen"]
[Date "1992.11.??"]
[Round "2.1"]
[White "Smirin, Ilia"]
[Black "Wojtkiewicz, Aleksander"]
[Result "1/2-1/2"]
[WhiteElo "2545"]
[BlackElo "2495"]
[Annotator "Bulletin"]
[PlyCount "49"]
[EventDate "1992.11.20"]
[EventType "team-swiss"]
[EventRounds "9"]
[EventCountry "HUN"]
[SourceTitle "EU-chT"]
[Source "ChessBase"]
[SourceDate "1999.07.01"]
[SourceVersion "2"]
[SourceVersionDate "1999.07.01"]
[SourceQuality "1"]
[WhiteTeam "Israel"]
[BlackTeam "Poland"]
[WhiteTeamCountry "ISR"]
[BlackTeamCountry "POL"]

1. e4 c5 2. Nf3 d6 3. d4 cxd4 4. Nxd4 Nf6 5. Nc3 a6 6. Be2 e6 7. O-O Be7 8. f4
O-O 9. Kh1 Qc7 10. a4 Nc6 11. Be3 Re8 12. Bd3 Nb4 13. a5 Bd7 14. Qe1 Nxd3 15.
cxd3 Bc6 16. Qg3 Nd7 17. Rfc1 $5 (17. Nf3) 17... Qd8 18. f5 Nf8 19. fxe6 fxe6
20. Nxc6 bxc6 21. Na4 Bh4 22. Qf3 Nd7 23. b4 Qe7 24. Nb6 Nxb6 25. Bxb6 1/2-1/2

[Event "EU-chT (Men) 10th"]
[Site "Debrecen"]
[Date "1992.11.??"]
[Round "9.2"]
[White "Psakhis, Lev"]
[Black "Cvitan, Ognjen"]
[Result "1/2-1/2"]
[WhiteElo "2605"]
[BlackElo "2505"]
[Annotator "Bulletin"]
[PlyCount "57"]
[EventDate "1992.11.20"]
[EventType "team-swiss"]
[EventRounds "9"]
[EventCountry "HUN"]
[SourceTitle "EU-chT"]
[Source "ChessBase"]
[SourceDate "1999.07.01"]
[SourceVersion "2"]
[SourceVersionDate "1999.07.01"]
[SourceQuality "1"]
[WhiteTeam "Israel"]
[BlackTeam "Croatia"]
[WhiteTeamCountry "ISR"]
[BlackTeamCountry "CRO"]

1. e4 c5 2. Nf3 d6 3. d4 cxd4 4. Nxd4 Nf6 5. Nc3 e6 6. Be2 Be7 7. f4 O-O 8. O-O
a6 9. a4 Nc6 10. Be3 Qc7 11. Kh1 Re8 12. Bd3 Bd7 (12... Nb4) 13. Nf3 (13. Qf3
Bf8 (13... Nxd4 14. Bxd4 Bc6 15. Qg3 g6 16. f5 e5 17. Be3 $16) 14. Rae1 (14.
Qg3) 14... Nb4 15. Bf2 e5 16. fxe5 dxe5 17. Nf5 Bxf5 18. Qxf5 Nxd3 19. cxd3 Qd7
$1 $10) 13... b6 $5 (13... Nb4 14. a5 e5 $13) 14. Qe2 (14. Qe1 $5 Bc8 15. Qg3
Nb4 16. e5 Nfd5 17. Bd4 $14) 14... Nb4 15. Rae1 (15. Bd4 {/\} Nc6 $2 (15... Bc6
$142) 16. e5 dxe5 17. fxe5 Nxd4 18. Nxd4 Nd5 19. Nxd5 exd5 20. Bxh7+ Kxh7 21.
Qh5+ Kg8 22. Qxf7+ Kh7 23. e6 $18) 15... Bc6 16. Bd4 Nd7 17. Ng5 (17. Qf2 Nxd3
18. cxd3 Nc5) 17... Nxd3 18. cxd3 h6 $5 (18... e5) 19. Nf3 (19. Bxg7 $2 hxg5 (
19... Kxg7 20. Nxf7 Nf6 $5 (20... Kxf7 21. Qh5+ Kg7 22. Re3 Bf6 23. Rg3+ Kf8
24. e5 $1 $40)) 20. Qh5 Kxg7 21. fxg5 Ne5 (21... Rf8 $2 22. Qh6+ Kg8 23. Re3
$18) 22. Qh6+ Kg8 23. Re3 Bf8 $19) 19... Nc5 20. Nd2 $5 Bf8 (20... Nxa4 21.
Nxa4 Bxa4 22. Qg4 Bf8 (22... e5 23. fxe5 dxe5 24. Be3 $40) 23. Nc4 $5 {/\} (23.
f5 exf5 24. exf5 Rxe1 25. Rxe1 Re8 26. Ne4 Kh8 27. f6 (27. Qh5 f6 $1) 27... g6
$13) 23... Rab8 24. e5 $5 $44) 21. f5 Nxa4 (21... exf5 22. Rxf5 Nxa4 23. Nxa4
Bxa4 24. Nc4 $44) 22. Nxa4 Bxa4 23. Bxg7 $5 (23. f6 $5 $44) 23... Bxg7 24. f6
Bh8 $1 (24... Bf8 25. Qh5 Qc5 (25... Kh7 26. Re3 {/\ Rg3, Qg4+-}) 26. e5 $1 $16
) 25. Qh5 (25. e5 $5 Bc6 $1 $8 (25... dxe5 $6 26. Qg4+ $18) 26. Rc1 $5 $13)
25... Kh7 26. Re3 Rg8 27. Qxh6+ $1 $8 Kxh6 28. Rh3+ Kg6 29. Rg3+ 1/2-1/2

[Event "Olympiad Women-41"]
[Site "Tromsoe"]
[Date "2014.08.11"]
[Round "9.4"]
[White "Gara, Ticia"]
[Black "Hoolt, Sarah"]
[Result "0-1"]
[WhiteElo "2321"]
[BlackElo "2318"]
[Annotator "CB"]
[PlyCount "150"]
[EventDate "2014.08.02"]
[EventType "team-swiss"]
[EventRounds "11"]
[EventCountry "NOR"]
[SourceTitle "CBM 162"]
[Source "ChessBase"]
[SourceDate "2014.09.17"]
[SourceVersion "1"]
[SourceVersionDate "2014.09.17"]
[SourceQuality "1"]
[WhiteTeam "Hungary (W)"]
[BlackTeam "Germany (W)"]
[WhiteTeamCountry "HUN"]
[BlackTeamCountry "GER"]
[WhiteClock "0:01:32"]
[BlackClock "0:04:51"]

1. e4 c5 2. Nf3 e6 3. d4 cxd4 4. Nxd4 Nc6 5. Nc3 a6 6. Be2 d6 7. O-O Nf6 8. Be3
Be7 9. f4 O-O 10. Kh1 Bd7 11. Qe1 Nxd4 12. Bxd4 b5 13. a3 Bc6 14. Qg3 Qb8 15.
Rfd1 $6 {dieser Zug ist schwer nachvollziehbar. Oft ist die Frage nach dem
richtigen Turm ja knifflig, in diesem Fall erscheint die Antwort jedoch
eindeutig zu sein.} ({wenn ein Turm nach d1 soll, dann wenigstens} 15. Rad1 Qb7
16. e5 dxe5 17. fxe5 Ne4 18. Nxe4 Bxe4 $11 {wobei Schwarz die langfristigen
Trümpfe hat.}) (15. Bf3 Qb7 16. Rae1 Rad8 {sieht auch wie eine vernünftige
weiße Aufstellung aus, doch ein klarer Plan ist nicht in Sicht. 1-0 (49)
Zelcic,R (2554)-Movsesian,S (2642) Dresden 2007}) 15... Qb7 16. Bd3 g6 17. e5
Nh5 18. Qg4 Rad8 19. Ne2 Ng7 $1 20. c3 Nf5 {Schwarz hat ihre Stellung mit
jedem Zug verstärkt, wohingegen Weiß keinen wirklichen Fortschritt erzielt
hat. Es schweben bereits Motive wie ...Txd4 und ...Se3 in der Luft.} 21. Bxf5
exf5 $17 22. Qh3 Rfe8 23. Re1 Bf8 24. Rad1 dxe5 25. fxe5 (25. Bxe5 $2 Rxd1 26.
Rxd1 f6 $19) 25... Bg7 26. Qg3 Be4 $6 (26... Qc7 $1 {verhindert mit einfachen
Mitteln die Aktivierung des weißen Springers.} 27. Ng1 (27. Nf4 $2 Bxe5 28.
Bxe5 Rxd1 29. Rxd1 Qxe5 $17) 27... Re7 28. Rd2 Rde8 29. Rde2 Bd5 $17) 27. Nf4
Rd7 28. Nd3 Rde7 29. Nc5 Qc6 30. e6 $1 {und plötzlich muss Schwarz wieder
aufpassen.} f6 (30... Bxd4 31. cxd4 (31. exf7+ Kxf7 32. Nxe4 (32. cxd4 Bxg2+
$19) 32... Rxe4 33. Rxe4 Rxe4 34. cxd4 Rxd4 $17) 31... Bd5 32. exf7+ Kxf7 33.
Rxe7+ Rxe7 $15) 31. Re2 (31. Ra1 $1 {ist Houdinis genialer Vorschlag. Die
Stellung verschärft sich, denn Weiß kommt nun zu Gegenspiel.} Bd5 (31... f4
32. Qf2 Bd5 33. a4 f3 34. gxf3 Bxf3+ 35. Kg1 $13) 32. a4 Bxe6 33. axb5 axb5 34.
Ra6 $132) 31... Bd5 32. Rde1 Bc4 33. Rd2 (33. Re3 g5 $1) 33... Bxe6 34. Rde2
Kf7 35. h3 g5 36. Nxe6 Rxe6 37. Rxe6 Rxe6 38. Rxe6 Qxe6 $17 {Schwarz hat nun
einen Bauern mehr. Die Verwertung sollte keine zu großen Probleme machen, da
der potentielle Freibauern der Weißen noch sehr ungefährlich ist.} 39. Qc7+
Kg6 40. Qd8 h5 41. Bf2 Qe4 42. Kh2 f4 43. Qd1 Qf5 44. h4 g4 45. g3 Bh6 46. gxf4
Bxf4+ 47. Bg3 Be3 48. a4 Qe4 49. axb5 axb5 50. Qb3 Kg7 51. Qd1 Bc5 52. Qd2 Kh7
53. Qd7+ Kg6 54. Qd2 Qe3 55. Qd1 f5 56. b4 f4 57. bxc5 Qxg3+ 58. Kh1 Qxh4+ 59.
Kg1 Qg3+ 60. Kf1 Qh3+ 61. Kg1 Qe3+ 62. Kf1 Qxc5 63. Qd3+ Kh6 64. Qd8 Qxc3 65.
Qf8+ Kg5 66. Qd8+ Qf6 67. Qd5+ Kh6 68. Qxb5 h4 69. Qd7 g3 70. Kg2 f3+ 71. Kh3
f2 72. Qd2+ Kg6 73. Kg4 Qf5+ 74. Kxh4 Qh5+ 75. Kxg3 f1=N+ {eine hübsche
Abwicklung beendet die Partie} 0-1

[Event "Wch U20 Girls 33rd"]
[Site "Khanty-Mansiysk"]
[Date "2015.09.12"]
[Round "10"]
[White "Osmanodja, Filiz"]
[Black "Ziaziulkina, Nastassia"]
[Result "0-1"]
[WhiteElo "2309"]
[BlackElo "2401"]
[Annotator "CB"]
[PlyCount "70"]
[EventDate "2015.09.02"]
[EventType "swiss"]
[EventRounds "13"]
[EventCountry "RUS"]
[SourceTitle "EXT 2016"]
[Source "ChessBase"]
[SourceDate "2015.10.08"]
[SourceVersion "1"]
[SourceVersionDate "2015.10.08"]
[SourceQuality "1"]

1. e4 c5 2. Nf3 d6 3. d4 cxd4 4. Nxd4 Nf6 5. Nc3 a6 6. Be2 e6 7. O-O Be7 8. f4
O-O 9. Be3 Nc6 10. Qe1 Nxd4 11. Bxd4 b5 12. a3 Bb7 13. Qg3 g6 14. Bf3 a5 15.
Rae1 b4 16. axb4 axb4 17. Nd1 Rc8 (17... d5 18. exd5 Nxd5 19. Bxd5 Qxd5 20. Bf2
Ba6 21. Re5 Qd2 22. Rfe1 Bd6 23. b3 Bxe5 24. fxe5 f5 25. exf6 Rxf6 26. Qg4
Qxe1+ {0-1 (26) Vidal Zamora,A (2078)-Colovic,A (2441) Figueres 2009}) 18. Ne3
Re8 19. Qh3 Bc6 20. Rd1 Nxe4 {[#]} 21. Bxe4 $2 {Danach gerät Weiß ins
Hintertreffen.} ({Richtig war sofort} 21. Ng4 {Droht Sh6 und Sh7.} h5 22. Nh6+
Kf8 23. Nxf7 Kxf7 24. f5 exf5 25. Bxh5 Bf6 26. Bxg6+ Kxg6 27. Qxf5+ $11) 21...
Bxe4 22. Ng4 h5 23. Rfe1 (23. Nh6+ Kf8 24. f5 Bxf5 25. Nxf5 exf5 26. Rxf5 {
reicht nicht:} gxf5 27. Qxh5 Bg5 28. h4 Bxh4 29. Qh6+ Ke7 30. Qxh4+ Kd7 $19)
23... d5 24. Nh6+ Kf8 25. g4 {Der Angriff führt nicht zum Erfolg.} Bf6 26.
gxh5 Bxd4+ 27. Rxd4 Qf6 28. Rxb4 gxh5 29. Qxh5 Rxc2 30. Rexe4 dxe4 31. Ng4 Qg7
32. Qg5 Qxg5 33. fxg5 Ra8 34. Ne3 Ra1+ 35. Nf1 e3 0-1

[Event "St Petersburg-Paris"]
[Site "Paris"]
[Date "1996.??.??"]
[Round "1"]
[White "Orlov, Vassily"]
[Black "Chomet, Pascal"]
[Result "1-0"]
[WhiteElo "2405"]
[BlackElo "2410"]
[Annotator "Chekhov,V"]
[PlyCount "87"]
[EventDate "1996.02.??"]
[EventType "schev"]
[EventRounds "9"]
[EventCountry "FRA"]
[SourceTitle "CBM 051 Extra"]
[Source "ChessBase"]
[SourceDate "1996.05.01"]
[SourceVersion "1"]
[SourceVersionDate "1996.05.01"]
[SourceQuality "1"]

1. e4 c5 2. Nf3 d6 3. d4 Nf6 4. Nc3 cxd4 5. Nxd4 e6 6. f4 Nc6 7. Be2 a6 8. Be3
Bd7 9. O-O Be7 10. Qe1 Nxd4 11. Bxd4 Bc6 12. Bf3 O-O 13. Rd1 Qc7 14. Qg3 Rad8 (
14... b5 15. e5 dxe5 (15... Ne8 $6 16. f5 $1 Bxf3 17. Qxf3 d5 18. Qh3 Qc6 19.
f6 Bc5 20. Rf4 $16 {Boleslavsky,I-Stahlberg,G/Sweden/1948/1|0/31/}) 16. fxe5
Nd7 17. Ne4 Bxe4 18. Bxe4 Rad8 19. c3 g6 $13 {Rutherford,S-Sandler,L/Melbourne/
1995/0|1/35/}) (14... Rab8 $5 15. Kh1 Rfd8 16. e5 Ne8 17. Rd3 f5 18. exf6 Bxf6
19. Qh3 Qf7 20. Bg4 Nc7 $132 {Geller,E-Averkin,O/Sochi/1982/0|1/41/}) 15. Kh1
b5 16. e5 dxe5 (16... Ne8 $5) 17. fxe5 Nd7 18. Ne4 Bxe4 19. Bxe4 Bc5 20. c3
Bxd4 21. cxd4 f5 22. Bf3 (22. exf6 Qxg3 23. hxg3 Nxf6 $15) 22... Nb6 (22... Rc8
23. d5 $1 $36) 23. Rc1 Qe7 $6 (23... Qa7 $5 24. Rc6 Rxd4 25. Rxe6 $14) 24. Rc6
Nc4 (24... Nd5 25. Rxa6 Nb4 26. Rb6 (26. Rd6 f4 $132) 26... Rxd4 27. a3 Nd3 28.
Rxb5 $16) 25. Qf2 (25. b3 Nd2 26. Rd1 Nxf3 27. Qxf3 Rd5 $5 (27... a5 28. d5
exd5 29. Rxd5 $36) 28. Rxa6 Rfd8 $146) 25... Qd7 (25... a5 26. b3 Na3 27. Rfc1
$36) 26. b3 Na3 27. Rxa6 b4 28. d5 (28. Rd6 Qe7 29. Rxd8 Rxd8 30. Rd1 Qa7 31.
Qh4 Qb6 32. d5 $16) 28... exd5 29. Ra7 $6 (29. Rd6 $1 Qe7 (29... Qb5 30. Bxd5+
Kh8 31. Rd1 $16 (31. Qxf5 $4 Qxf1+ $19)) 30. Bxd5+ Kh8 31. Rxd8 Qxd8 (31...
Rxd8 32. Qxf5 $18) 32. Qc5 $18) 29... Qe8 $6 (29... Qe6 $5 30. Qg3 (30. Qc5
Qxe5 31. Qxb4 Nc2 32. Qd2 Ne3 33. Rc1 Rc8 $13) 30... Rf7 $132) 30. Qg3 Qg6 (
30... Rd7 31. Bxd5+ $18) (30... Rf7 31. Bh5 g6 32. Bxg6 hxg6 33. Qxg6+ Kf8 34.
Rxf7+ Qxf7 35. Rxf5 $18) 31. Qxg6 hxg6 32. Rc1 Rf7 (32... Nb5 33. Rb7 Nd4 34.
Rcc7 Ne6 35. Re7 Rfe8 36. Rxe8+ Rxe8 37. Bxd5 $18) 33. Ra5 Rfd7 (33... d4 34.
Bd5 $18) 34. e6 Rd6 35. e7 Re8 36. Bxd5+ Kh7 37. Re1 $6 (37. Rc7 $1 $18) 37...
Nc2 $6 (37... Rd7 $1 38. Re3 (38. Ra8 Rexe7 39. Bg8+ Kh6 $15) 38... Kh6 $1 (
38... g5 39. Rh3+ Kg6 40. Ra6+ $18) 39. Rh3+ Kg5 40. Rg3+ Kf6 $6 (40... Kh6 $5
41. h4 Rexe7 $132) 41. Ra6+ Kxe7 (41... Ke5 42. Bf3 (42. Re3+ Kd4 $1) 42...
Rexe7 43. Rgxg6 $16) 42. Re6+ Kf8 43. Rxe8+ Kxe8 44. Bc6 $18) 38. Re2 Nd4 39.
Re3 $18 g5 40. Bf7 g6 (40... Nc6 41. Rh3+ Rh6 42. Bxe8 $18) 41. Bxe8 Nc6 42.
Re1 Nxa5 43. Bxg6+ Kxg6 44. e8=Q+ 1-0

[Event "Esbjerg North Sea Cup-03"]
[Site "Esbjerg"]
[Date "1978.07.??"]
[Round "5"]
[White "Sigurjonsson, Gudmundur"]
[Black "Ogaard, Leif"]
[Result "1-0"]
[WhiteElo "2500"]
[BlackElo "2435"]
[Annotator "ChessBase"]
[PlyCount "65"]
[EventDate "1978.07.08"]
[EventType "tourn"]
[EventRounds "13"]
[EventCountry "DEN"]
[EventCategory "7"]
[SourceTitle "MCL"]
[Source "ChessBase"]
[SourceDate "1999.07.01"]
[SourceVersion "1"]
[SourceVersionDate "1999.07.01"]
[SourceQuality "1"]

1. e4 c5 2. Nf3 e6 3. d4 cxd4 4. Nxd4 Nc6 5. Nc3 a6 6. Be2 Qc7 7. O-O Nf6 8.
Kh1 Be7 (8... Bb4 9. Be3 O-O 10. Nxc6 bxc6 11. Na4) 9. f4 d6 10. Be3 O-O 11.
Qe1 Bd7 12. Qg3 Kh8 13. a3 (13. Rad1 b5 (13... Rac8) 14. e5 $1) 13... b5 14.
Bd3 Rab8 (14... Rad8 $5) 15. Nxc6 Bxc6 16. Bd4 e5 (16... b4 17. e5 $1 bxc3 18.
exf6 Bxf6 19. Qh3 $18) (16... Rbd8 17. Rae1) 17. fxe5 Nh5 18. Qh3 dxe5 19. Rf5
$1 exd4 (19... Nf4 20. Bxe5 Qxe5 21. Rxe5 Nxh3 22. Rxe7 $16) 20. Rxh5 h6 21.
Nd5 (21. e5 Bg5 22. Rxg5 dxc3 23. Rh5 Kg8) 21... Bxd5 (21... Qb7 22. e5 Bg5 23.
Qf5 g6 24. Qxg5 $18) 22. exd5 Qf4 (22... Qd6 23. Rf1 $16) 23. Rf1 Qe3 24. Qg4
Rb6 $6 (24... Kg8 25. Qf5 (25. Rhf5 {/\ R5f4}) 25... g6 26. Qg4 $16) 25. Rhf5
Kg8 (25... Rg6 $1 26. Rxf7 $1 Rxf7 27. Qc8+ Rf8 28. Rxf8+ Bxf8 29. Qxf8+ Kh7
30. g3 $18) 26. R5f4 $1 Bd6 $2 27. Rf6 Bc5 28. d6 $3 Rxd6 (28... Bxd6 29. Qf5
g6 30. Rxg6+ $18) (28... Qg5 29. Rxf7 $1 Rxf7 (29... Bxd6 30. Qe6 $1 $18) 30.
Qc8+ $18) 29. Qf5 Qxd3 (29... g6 30. Qxg6+ $1 fxg6 31. Rxf8+ Kg7 32. R1f7#) 30.
Qxd3 Rxf6 31. Rxf6 gxf6 32. Qg3+ Kh8 33. Qc7 (33. Qc7 Re8 34. g3) 1-0

[Event "URS-ch56"]
[Site "Odessa"]
[Date "1989.??.??"]
[Round "?"]
[White "Dolmatov, Sergey"]
[Black "Sokolov, Andrei"]
[Result "0-1"]
[WhiteElo "2615"]
[BlackElo "2595"]
[Annotator "ChessBase"]
[PlyCount "100"]
[EventDate "1989.09.??"]
[EventType "tourn"]
[EventRounds "15"]
[EventCountry "URS"]
[EventCategory "13"]
[SourceTitle "URS-ch"]
[Source "ChessBase"]
[SourceDate "1999.07.01"]
[SourceVersion "1"]
[SourceVersionDate "1999.07.01"]
[SourceQuality "1"]

1. e4 c5 2. Nf3 e6 3. d4 cxd4 4. Nxd4 Nf6 5. Nc3 d6 6. Be2 Be7 7. O-O O-O 8. f4
Nc6 9. Kh1 a6 10. a4 Qc7 11. Be3 Re8 12. Bf3 Bd7 13. Nb3 Na5 14. Nxa5 Qxa5 15.
Qd2 Rac8 16. Rfd1 Bc6 17. Qf2 Nd7 18. Bd2 (18. Nd5 exd5 19. exd5 Bxa4 20. b3 b5
$13) 18... Qb6 19. Qe2 (19. Qxb6 Nxb6 20. b3 d5 $10) 19... Bf6 20. a5 Qc7 21.
Be1 Nc5 22. Qe3 Red8 (22... Bxc3 $2 23. Bxc3 Na4 24. Rxa4 Bxa4 25. Qd4 $18) 23.
Ra3 b5 24. axb6 Qxb6 25. Rb3 (25. b4 Qxb4 26. Nd5 Qb2 $1 (26... Qb7 27. Nxf6+
gxf6 28. Bh4 $16) 27. Nxf6+ Qxf6 $13) 25... Qc7 (25... Qa7 $5) 26. Rb4 Be7 (
26... Rb8 27. Rc4) 27. Rc4 Qb7 28. b3 Bf8 29. Rcd4 Re8 30. Bg3 Qa8 31. h3 Bb7
32. R1d2 (32. Ra1 $5) 32... Rc7 33. Na4 Nxa4 34. Rxa4 Qc8 35. c4 d5 36. cxd5 (
36. f5 $2 dxe4 37. Bxc7 exf3 $19) (36. e5 dxc4 37. Bxb7 Qxb7 38. Rxc4 Rxc4 39.
bxc4 Rc8 $15) 36... exd5 37. e5 Rc3 (37... Rc1+ 38. Kh2 $1 Bc5 39. Qe2 Bg1+ 40.
Kh1 Bf2+ 41. Kh2 $10) 38. Rd3 Rc1+ 39. Rd1 $6 (39. Kh2 Qc2 40. Qd2 (40. Bxd5 $2
Bc5 41. Qe4 Bg1+ 42. Kh1 Bf2+ 43. Kh2 Rh1+ $19) 40... Qb1 41. Bd1 Rec8 $36)
39... Rc3 40. Rd3 Rc1+ 41. Rd1 Rxd1+ 42. Bxd1 d4 43. Qf2 Qxh3+ 44. Kg1 Qc8 45.
Kh2 d3 46. Rc4 Qa8 (46... Qf5 47. Qb6 $13) 47. f5 Bd5 48. Rg4 Qc6 49. Bf4 (49.
e6 fxe6 50. f6 e5 $19) 49... Be4 50. f6 Bg6 0-1

[Event "Haninge"]
[Site "Haninge"]
[Date "1990.??.??"]
[Round "10"]
[White "Van der Wiel, John"]
[Black "Wojtkiewicz, Aleksander"]
[Result "1/2-1/2"]
[WhiteElo "2550"]
[BlackElo "2550"]
[Annotator "ChessBase"]
[PlyCount "144"]
[EventDate "1990.05.??"]
[EventType "tourn"]
[EventRounds "11"]
[EventCountry "SWE"]
[EventCategory "14"]
[SourceTitle "CBM 018"]
[Source "ChessBase"]
[SourceDate "1990.10.01"]
[SourceVersion "1"]
[SourceVersionDate "1990.10.01"]
[SourceQuality "1"]

1. e4 c5 2. Nf3 d6 3. d4 cxd4 4. Nxd4 Nf6 5. Nc3 a6 6. Be2 e6 7. O-O Be7 8. f4
O-O 9. Bf3 Qc7 10. Be3 Re8 11. Qd2 e5 12. Nf5 Bxf5 13. exf5 Nbd7 14. Nd5 Nxd5
15. Bxd5 Nf6 16. c3 $2 exf4 17. Bf2 (17. Bxf4 $2 Qc5+ $1) (17. Rxf4 $2 Nxd5 18.
Qxd5 Bg5) 17... Nxd5 18. Qxd5 Bf6 19. Rfd1 Re2 20. Rd2 Rxd2 21. Qxd2 Be5 22.
Qd5 Rc8 23. Rd1 Qc6 24. Kf1 Kf8 25. Ke2 Qxd5 26. Rxd5 Ke7 27. Bd4 f6 28. Bf2 g5
29. g4 fxg3 30. hxg3 Rc4 31. Rd1 Kf7 32. Rh1 Kg7 33. Kf3 b5 34. a3 Kg8 35. Be3
Kg7 36. Bf2 Kh8 37. Be3 Kg8 38. Bf2 Ra4 39. Be3 Kg7 40. Bf2 h6 41. Be3 a5 42.
Bc1 d5 43. Rd1 h5 44. Be3 b4 45. axb4 axb4 46. Rxd5 bxc3 47. bxc3 Bxc3 48. Rd7+
Kh6 49. Rd8 Ra5 50. Rh8+ Kg7 51. Rxh5 Rxf5+ 52. Kg2 Rb5 53. g4 Kg6 54. Rh1 Rb3
55. Kf2 Be5 56. Rd1 Rb2+ 57. Kf3 Rh2 58. Bf2 f5 59. gxf5+ Kxf5 60. Rg1 Rh3+ 61.
Kg2 Rb3 62. Re1 Rb2 63. Kf1 Bf4 64. Re2 Rb3 65. Kg2 Kg4 66. Rc2 Rh3 67. Ra2
Rh2+ 68. Kg1 Bg3 69. Ra4+ Kh3 70. Bxg3 Rg2+ 71. Kh1 Rxg3 72. Ra2 Re3 1/2-1/2

[Event "Haninge"]
[Site "Haninge"]
[Date "1989.??.??"]
[Round "?"]
[White "Arnason, Jon Loftur"]
[Black "Hellers, Ferdinand"]
[Result "1-0"]
[WhiteElo "2550"]
[BlackElo "2565"]
[Annotator "ChessBase"]
[PlyCount "63"]
[EventDate "1989.??.??"]
[EventType "tourn"]
[EventRounds "11"]
[EventCountry "SWE"]
[EventCategory "13"]
[SourceTitle "CBM 013"]
[Source "ChessBase"]
[SourceDate "1989.12.01"]
[SourceVersion "1"]
[SourceVersionDate "1989.12.01"]
[SourceQuality "1"]

1. e4 c5 2. Nf3 d6 3. d4 cxd4 4. Nxd4 Nf6 5. Nc3 a6 6. f4 e6 7. Be2 Qc7 8. O-O
Be7 9. a4 O-O 10. Kh1 Nc6 11. Be3 Re8 12. Bd3 Nb4 13. a5 Bd7 14. Qf3 Bc6 15.
Qg3 Nxd3 16. cxd3 Nd7 17. Nf3 Bf6 18. Qf2 Nc5 19. Qc2 b5 $2 20. axb6 Qb7 (20...
Qxb6 21. e5 $1 dxe5 22. b4 $18) 21. Nd2 Rac8 22. Nc4 Be7 23. Na5 Qb8 24. d4 Nd7
25. Nxc6 Rxc6 26. d5 Rcc8 27. dxe6 fxe6 28. Rxa6 Bf6 29. Qa4 Nc5 30. Bxc5 Rxc5
31. b7 Rf8 32. Qb3 1-0